| Tag |
First Indicator |
Second Indicator |
Subfields |
| LEADER |
00000cam a2200000 a 4500 |
| 001 |
in00000098701 |
| 005 |
20150924090001.0 |
| 008 |
800904s1981 maua b 00010 engm |
| 010 |
|
|
|a 80021930
|
| 020 |
|
|
|a 0931790166 (pbk.) :
|c $4.95
|
| 035 |
|
|
|a (OCoLC)06735409
|
| 035 |
|
|
|9 AAK9810AM
|
| 040 |
|
|
|a DLC
|c DLC
|d m.c.
|d OCL
|d TXA
|d UtOrBLW
|
| 049 |
|
|
|a TXAM
|c [952410]
|
| 050 |
0 |
0 |
|a TH7226
|b P29
|
| 082 |
0 |
|
|a 697
|2 19
|
| 100 |
1 |
|
|a Parks, Alexis.
|
| 245 |
1 |
0 |
|a People heaters :
|b a people's guide to keeping warm in winter /
|c Alexis Parks.
|
| 264 |
|
1 |
|a Andover, Mass. :
|b Brick House Pub. Co.,
|c [1981]
|
| 264 |
|
4 |
|c ©1981
|
| 300 |
|
|
|a viii, 120 pages :
|b illustrations ;
|c 28 cm.
|
| 336 |
|
|
|a text
|b txt
|2 rdacontent
|
| 337 |
|
|
|a unmediated
|b n
|2 rdamedia
|
| 338 |
|
|
|a volume
|b nc
|2 rdacarrier
|
| 504 |
|
|
|a Includes bibliographical references.
|
| 650 |
|
0 |
|a Dwellings
|x Heating and ventilation.
|
| 650 |
|
0 |
|a Heating.
|
| 650 |
|
0 |
|a Cold weather clothing.
|
| 999 |
|
|
|a MARS
|
| 999 |
f |
f |
|s 51a8589b-ccd0-3270-8c67-50fe70b13f57
|i e1d34dad-9f63-3142-863f-504ad3944602
|t 0
|
| 952 |
f |
f |
|p ric
|a Texas A&M University
|b Rellis Campus
|c Joint Library Facility
|d Remote Storage
|t 0
|e TH7226 P29
|h Library of Congress classification
|i unmediated -- volume
|m A14806033846
|
| 998 |
f |
f |
|a TH7226 P29
|t 0
|l Remote Storage
|